Τέχνη, σκέψη, ζωή : η αισθητική φιλοσοφία του Αλέξανδρου Νεχαμά

Saved in:
Bibliographic Details
Other Authors: Ζήκα, Φαίη (edtf)
Format: Book
Language:Greek
Published: Αθήνα : Εκδόσεις Οκτώ, c2014.
Subjects:
Tags: Add Tag
No Tags, Be the first to tag this record!

MARC

LEADER 00000cam a2200000 a 4500
001 1/122265
008 201021s2014####gr | ||| |||| ||gre||
020 |a 9786185077051 
040 |a GR-MyUa  |b gre  |c GR-MyUa  |e AACR2 
041 0 |a gre 
082 7 |a 111.85   |2 (23) 
245 0 0 |a Τέχνη, σκέψη, ζωή :   |b η αισθητική φιλοσοφία του Αλέξανδρου Νεχαμά /   |c επιστημονική επιμέλεια Φαίη Ζήκα. 
260 |a Αθήνα :   |b Εκδόσεις Οκτώ,   |c c2014. 
300 |a 199 σ. ;   |c 21 εκ. 
504 |a Περιλαμβάνει βιβλιογραφικές παραπομπές και ευρετήριο. 
600 1 0 |a Nehamas, Alexander,   |d 1946- 
650 0 |a Aesthetics. 
700 1 |a Ζήκα, Φαίη,  |e edtf 
852 |a INST  |b SYROS  |c EUDOXUS  |e 20201021  |h 111.85 TEX  |p 005500014751  |q 005500014751  |t EDX  |y 0 
920 |a Εύδοξος  |b Παραγγελία  |y Σύρος-ΤΜΣΠΣ  |z 2019-05 
970 |a Κοντού  |b Παρασκευή  |z 21/10/2020